La sainte bible (Record no. 63993)
[ view plain ]
| 000 -LEADER | |
|---|---|
| fixed length control field | 00304nam a2200133 4500 |
| 020 ## - INTERNATIONAL STANDARD BOOK NUMBER | |
| International Standard Book Number | 28530015551055 |
| 020 ## - INTERNATIONAL STANDARD BOOK NUMBER | |
| International Standard Book Number | 28530015471054 |
| 020 ## - INTERNATIONAL STANDARD BOOK NUMBER | |
| International Standard Book Number | 28530015631056 |
| 082 0# - DEWEY DECIMAL CLASSIFICATION NUMBER | |
| Classification number | 220.5 |
| 245 12 - TITLE STATEMENT | |
| Title | La sainte bible |
| 260 ## - PUBLICATION, DISTRIBUTION, ETC. (IMPRINT) | |
| Name of publisher, distributor, etc | Alliance Biblique Universelle |
| Date of publication, distribution, etc | c.1970 |
| 300 ## - PHYSICAL DESCRIPTION | |
| Extent | 1693 p. |
| 942 ## - ADDED ENTRY ELEMENTS (KOHA) | |
| Source of classification or shelving scheme | |
| Koha item type | Books |
No items available.
